[Event "Thessaloniki op 3rd"]
[Site "Thessaloniki"]
[Date "2023.08.05"]
[Round "1"]
[White "Berketis, Angelos"]
[Black "Ma, Ling"]
[Result "0-1"]
[WhiteElo "1848"]
[BlackElo "2211"]
[PlyCount "98"]
[EventDate "2023.08.05"]
[EventType "swiss"]
[EventRounds "9"]
[EventCountry "GRE"]
[SourceTitle "CBM 215 Extra"]
[Source "ChessBase"]
[SourceDate "2023.09.30"]
[SourceVersion "1"]
[SourceVersionDate "2023.09.30"]
[SourceQuality "1"]

1. d4 d5 2. Nf3 Bf5 3. c4 e6 4. Qb3 Nc6 5. Bg5 Be7 6. Bxe7 Ngxe7 7. e3 0-0 8. Nbd2 Na5 9. Qa3 Nxc4 10. Nxc4 dxc4 11. Bxc4 Be4 12. Rd1 c6 13. 0-0 Bxf3 14. gxf3 Ng6 15. f4 Qf6 16. Be2 Nh4 17. Qc5 Rfd8 18. Qg5 Rd5 19. Qxf6 gxf6 20. f3 a5 21. Kf2 Kf8 22. Bd3 f5 23. Bc4 Rd6 24. Rfe1 Rad8 25. Rc1 Ke7 26. a3 Ra8 27. Be2 Rd5 28. Rg1 Kf6 29. Rg5 Ng6 30. h4 h6 31. Rg2 h5 32. Rg5 Rh8 33. Bc4 Rdd8 34. Bb3 Nxh4 35. Rc5 Ra8 36. e4 Ng6 37. Ke3 fxe4 38. fxe4 h4 39. Rc2 a4 40. Ba2 h3 41. Rg1 h2 42. e5+ Kg7 43. Rh1 Rh3+ 44. Ke4 Rah8 45. Rg2 R8h4 46. Rf2 Ne7 47. Rf3 Nf5 48. Rxh3 Rxh3 49. d5 cxd5+ 0-1

[Event "Paleochora op 13th"]
[Site "Paleochora"]
[Date "2020.07.18"]
[Round "1"]
[White "Berketis, Angelos"]
[Black "David, Alberto"]
[Result "0-1"]
[WhiteElo "1793"]
[BlackElo "2526"]
[PlyCount "44"]
[EventDate "2020.07.18"]
[EventType "swiss"]
[EventRounds "9"]
[EventCountry "GRE"]
[SourceTitle "CBM 197 Extra"]
[Source "ChessBase"]
[SourceDate "2020.09.30"]
[SourceVersion "1"]
[SourceVersionDate "2020.09.30"]
[SourceQuality "1"]

1. d4 Nf6 2. Nf3 e6 3. g3 c5 4. Bg2 Nc6 5. 0-0 Qb6 6. e3 d5 7. b3 Bd7 8. Bb2 Rc8 9. Nbd2 cxd4 10. exd4 Be7 11. c4 0-0 12. Ne5 Rcd8 13. c5 Qc7 14. Rc1 b6 15. Nd3 Qb8 16. Re1 Be8 17. h4 bxc5 18. Nxc5 Nb4 19. Qe2 Nxa2 20. Ra1 Bb5 21. Qf3 Nb4 22. Bc1 Nc2 0-1

[Event "Aegean op 39th"]
[Site "Aghios Kirykos"]
[Date "2016.07.11"]
[Round "1"]
[White "Persson, Andreas"]
[Black "Berketis, Angelos"]
[Result "1-0"]
[WhiteElo "2181"]
[BlackElo "1648"]
[PlyCount "53"]
[EventDate "2016.07.11"]
[EventType "swiss"]
[EventRounds "9"]
[EventCountry "GRE"]
[SourceTitle "EXT 2017"]
[Source "ChessBase"]
[SourceDate "2016.10.25"]
[SourceVersion "1"]
[SourceVersionDate "2016.10.25"]
[SourceQuality "1"]

1. d4 Nf6 2. c4 g6 3. Nf3 Bg7 4. g3 0-0 5. Bg2 c5 6. 0-0 cxd4 7. Nxd4 Nc6 8. Nc3 a6 9. Nc2 d6 10. h3 Rb8 11. e4 Ne5 12. Qe2 Qc7 13. Ne3 Be6 14. b3 b5 15. f4 Nxc4 16. bxc4 Nxe4 17. Nxe4 Bxa1 18. Nd5 Bxd5 19. cxd5 Bd4+ 20. Kh2 Qc4 21. Qd2 Rfc8 22. f5 Be5 23. Qg5 Qc7 24. f6 exf6 25. Nxf6+ Bxf6 26. Qxf6 Re8 27. Bh6 1-0